| 000 | 00944cam a2200265 4500 | ||
|---|---|---|---|
| 008 | 090401t1999 xxu||||| |||| 00| 0 eng d | ||
| 020 | _a1902375068 | ||
| 035 | _a(Sirsi) u87376 | ||
| 041 | _aeng | ||
| 050 | _a333.73 | ||
| 100 | _aEvans, Ceri | ||
| 245 | _aDerelict land and brownland regeneration. | ||
| 260 |
_aStanton Harcourt, Oxford _bChandos Publishing (Oxford) Limited _c1999 |
||
| 300 | _axvi,88p. ; 28cm. | ||
| 350 | _a75 | ||
| 520 | _aThe author, a solicitor, examines the increasing importance placed on urban regeneration by the government and the need to reclaim and develop derelict and brownfield sites. She considers problems of liability and the importance of grants and other financial incentives. | ||
| 650 | _aBROWNFIELD SITES | ||
| 650 | _aCONTAMINATED LAND | ||
| 650 | _aDERELICT LAND | ||
| 650 | _aDEVELOPMENT | ||
| 650 | _aURBAN REGENERATION | ||
| 690 | _aLAND | ||
| 942 | _n0 | ||
| 948 | _c13/07/1998 | ||
| 999 |
_c97232 _d97232 |
||